[Event "SPICE Cup"]
[Site "Lubbock USA"]
[Date "2011.10.24"]
[EventDate "2011.10.15"]
[Round "9"]
[Result "1/2-1/2"]
[White "Ray Robson"]
[Black "Le Quang Liem"]
[WhiteElo "2583"]
[BlackElo "2717"]
[PlyCount "134"]

1. e4 c5 2. Nf3 d6 3. d4 cxd4 4. Nxd4 Nf6 5. Nc3 a6 6. Bg5 e6
7. f4 h6 8. Bh4 Be7 9. Qf3 Nbd7 10. O-O-O Qc7 11. Be2 b5
12. Bxf6 Nxf6 13. e5 Bb7 14. Qg3 dxe5 15. fxe5 Nd5 16. Nxe6
fxe6 17. Qg6+ Kd7 18. Bg4 Qxe5 19. Nxd5 Qg5+ 20. Qxg5 Bxg5+
21. Kb1 Bxd5 22. Rxd5+ Kc7 23. Rc5+ Kb6 24. Re5 Rhe8 25. Rhe1
Rac8 26. Bf3 Rc7 27. a4 Rce7 28. Bh5 Rc8 29. Bf3 Rce8 30. Bh5
Rc8 31. Rxe6+ Rxe6 32. Rxe6+ Rc6 33. a5+ Kc5 34. Re4 Rc7
35. c3 Re7 36. Rd4 Bf6 37. b4+ Kc6 38. Bf3+ Kc7 39. Rd5 Re5
40. Rd3 Re8 41. Kc2 Re5 42. Kb3 Re1 43. Bg4 Re4 44. Bf5 Rf4
45. Be6 Re4 46. Bf5 Rf4 47. Bh3 Rc4 48. g3 Re4 49. Rd7+ Kb8
50. Rd6 Rc4 51. Rd3 Re4 52. Bf5 Re5 53. Bg4 Kc7 54. Rd7+ Kc6
55. Rd3 Kc7 56. Kc2 Re4 57. Rd7+ Kb8 58. Bf5 Re2+ 59. Kb3 Rxh2
60. Rd6 Rf2 61. Be4 Re2 62. Bd3 Rd2 63. Rb6+ Kc7 64. Be4 Re2
65. Bd3 Rd2 66. Be4 Re2 67. Bd3 Rd2 1/2-1/2

[Event "Saint Louis Invitational"]
[Site "Saint Louis USA"]
[Date "2011.03.04"]
[EventDate "2011.03.04"]
[Round "1"]
[Result "1/2-1/2"]
[White "Alejandro Ramirez-Alvarez"]
[Black "Ray Robson"]
[WhiteElo "2594"]
[BlackElo "2522"]
[PlyCount "79"]

1. d4 d5 2. c4 e6 3. Nf3 Nf6 4. g3 dxc4 5. Bg2 Bb4+ 6. Bd2 c5
7. Qc1 O-O 8. Bxb4 cxb4 9. Qxc4 a5 10. O-O b6 11. Rc1 Ba6
12. Qc2 Nbd7 13. Qd1 Qe7 14. Nbd2 Rac8 15. e3 e5 16. Rxc8 Rxc8
17. Rc1 Rxc1 18. Qxc1 exd4 19. Nxd4 Ne5 20. Ne4 Nxe4 21. Bxe4
g6 22. Qc2 Kg7 23. h4 h5 24. Kg2 Bb7 25. Bxb7 Qxb7+ 26. e4 Qd7
27. Nf3 Nxf3 28. Kxf3 Qd4 29. Kg2 b5 30. b3 Qc3 31. Qd1 Qe5
32. Kf3 Qb2 33. Kg2 Qxa2 34. Qd4+ Kg8 35. Qd8+ Kh7 36. Qd5 Kg7
37. Qd4+ Kg8 38. Qd8+ Kh7 39. Qd5 Kg7 40. Qd4+ 1/2-1/2

[Event "Saint Louis Invitational"]
[Site "Saint Louis USA"]
[Date "2011.03.05"]
[EventDate "2011.03.04"]
[Round "2"]
[Result "0-1"]
[White "Ray Robson"]
[Black "Jesse Kraai"]
[WhiteElo "2522"]
[BlackElo "2509"]
[PlyCount "76"]

1. e4 e6 2. d4 d5 3. Nc3 Nf6 4. e5 Nfd7 5. Nce2 c5 6. c3 Nc6
7. f4 Be7 8. Nf3 O-O 9. g3 cxd4 10. cxd4 f6 11. Bg2 Qb6 12. a3
a5 13. b3 a4 14. b4 Qc7 15. O-O Nb6 16. Be3 Bd7 17. Qd3 Be8
18. Bh3 f5 19. g4 fxg4 20. Bxg4 Qd7 21. Ng3 Bg6 22. Qe2 Nc4
23. Ng5 Bxg5 24. fxg5 Rxf1+ 25. Kxf1 Rf8+ 26. Kg1 Ne7 27. Bf2
Nf5 28. Nf1 Qf7 29. Nd2 Nxd2 30. Qxd2 Bh5 31. Bh3 Bf3 32. Qf4
Qh5 33. Bf1 Be4 34. Rc1 Nxd4 35. Qxf8+ Kxf8 36. Rc8+ Kf7
37. Bxd4 Qxg5+ 38. Kf2 Qd2+ 0-1

[Event "Saint Louis Invitational"]
[Site "Saint Louis USA"]
[Date "2011.03.05"]
[EventDate "2011.03.04"]
[Round "3"]
[Result "0-1"]
[White "Darwin Yang"]
[Black "Ray Robson"]
[WhiteElo "2416"]
[BlackElo "2522"]
[PlyCount "72"]

1. d4 Nf6 2. c4 e6 3. Nc3 Bb4 4. e3 b6 5. Ne2 c5 6. a3 Ba5
7. Rb1 Na6 8. Bd2 O-O 9. Ng3 Bb7 10. f3 d5 11. cxd5 cxd4
12. exd4 Bxc3 13. bxc3 Qxd5 14. Be2 Nb8 15. O-O Nc6 16. Rb5
Qd6 17. Ne4 Nxe4 18. fxe4 Rad8 19. Qc1 e5 20. Rd5 Qg6 21. Bc4
Qxe4 22. Re1 Qg6 23. Bg5 Rxd5 24. Bxd5 h6 25. Bh4 Qd6 26. Bxc6
Qxc6 27. Qd2 exd4 28. cxd4 Rc8 29. h3 Qg6 30. Re2 Qb1+ 31. Kh2
Rc1 32. Be1 Rd1 33. Qc3 Kh7 34. Qg3 Qf5 35. Re5 Qf1 36. Qf2
Rxe1 0-1

[Event "Saint Louis Invitational"]
[Site "Saint Louis USA"]
[Date "2011.03.06"]
[EventDate "2011.03.04"]
[Round "4"]
[Result "1-0"]
[White "Ray Robson"]
[Black "Melikset Khachiyan"]
[WhiteElo "2522"]
[BlackElo "2511"]
[PlyCount "71"]

1. e4 c5 2. Nf3 Nc6 3. d4 cxd4 4. Nxd4 g6 5. Nc3 Bg7 6. Be3
Nf6 7. Bc4 O-O 8. Bb3 d6 9. f3 Bd7 10. Qd2 Rc8 11. O-O-O Ne5
12. Kb1 Nc4 13. Bxc4 Rxc4 14. g4 Re8 15. h4 a6 16. h5 e5
17. Nb3 Rc6 18. Nd5 Be6 19. hxg6 fxg6 20. Qh2 Bxd5 21. exd5
Rc7 22. Nd2 Qd7 23. Bg5 Bh8 24. Bxf6 Bxf6 25. Ne4 Rf8 26. Qe2
Qd8 27. Rh3 Bg5 28. Rdh1 Rcf7 29. Qd3 Be7 30. c4 b6 31. Qe3
Qc7 32. Qh6 Rg7 33. Qxg7+ Kxg7 34. Rxh7+ Kg8 35. Ng5 Bxg5
36. Rh8+ 1-0

[Event "Saint Louis Invitational"]
[Site "Saint Louis USA"]
[Date "2011.03.06"]
[EventDate "2011.03.04"]
[Round "5"]
[Result "1/2-1/2"]
[White "Michael A Brooks"]
[Black "Ray Robson"]
[WhiteElo "2451"]
[BlackElo "2522"]
[PlyCount "89"]

1. e4 c5 2. Nf3 d6 3. d4 cxd4 4. Nxd4 Nf6 5. Nc3 g6 6. Be2 Bg7
7. O-O O-O 8. Bg5 Nc6 9. Nb3 Be6 10. Kh1 Rc8 11. f4 Na5 12. f5
Bc4 13. Bd3 b5 14. Qd2 b4 15. Ne2 Bxd3 16. cxd3 Nc6 17. Nf4 a5
18. a4 Ne5 19. Qe2 Ned7 20. fxg6 hxg6 21. d4 Nh7 22. Bh4 Ndf6
23. Bxf6 Nxf6 24. Rae1 Qd7 25. e5 dxe5 26. dxe5 Nd5 27. e6 Qd6
28. exf7+ Rxf7 29. Ne6 Rxf1+ 30. Rxf1 Qe5 31. Qa6 Rc2 32. Nbd4
Rxg2 33. Qc8+ Kh7 34. Nf3 Qf5 35. Kxg2 Ne3+ 36. Kf2 Nxf1
37. Ng5+ Kh6 38. Qg8 Bd4+ 39. Kxf1 Qd3+ 40. Kg2 Qe2+ 41. Kh3
Qf1+ 42. Kg3 Qf2+ 43. Kh3 Qf1+ 44. Kh4 Qf2+ 45. Kh3 1/2-1/2

[Event "Saint Louis Invitational"]
[Site "Saint Louis USA"]
[Date "2011.03.07"]
[EventDate "2011.03.04"]
[Round "6"]
[Result "1/2-1/2"]
[White "Ray Robson"]
[Black "Julio Becerra Rivero"]
[WhiteElo "2522"]
[BlackElo "2549"]
[PlyCount "64"]

1. e4 e5 2. Nf3 Nc6 3. Bb5 a6 4. Ba4 Nf6 5. O-O Be7 6. Re1 b5
7. Bb3 d6 8. c3 O-O 9. h3 Na5 10. Bc2 d5 11. d4 Nxe4 12. Nxe5
f6 13. Nd3 Bd6 14. Nd2 f5 15. Nf3 Nc4 16. Nfe5 Qh4 17. Qf3 g5
18. a4 Rb8 19. axb5 axb5 20. b3 Nb6 21. Ba3 f4 22. Nc5 g4
23. hxg4 Ng5 24. Qd3 Bxg4 25. Nxg4 f3 26. Re6 fxg2 27. Rh6
Bh2+ 28. Kxg2 Qxg4+ 29. Kh1 Rxf2 30. Rg6+ hxg6 31. Qxg6+ Kh8
32. Qh6+ Kg8 1/2-1/2

[Event "Saint Louis Invitational"]
[Site "Saint Louis USA"]
[Date "2011.03.07"]
[EventDate "2011.03.04"]
[Round "7"]
[Result "1/2-1/2"]
[White "Gregory Kaidanov"]
[Black "Ray Robson"]
[WhiteElo "2569"]
[BlackElo "2522"]
[PlyCount "60"]

1. c4 e6 2. Nf3 d5 3. d4 c5 4. cxd5 exd5 5. g3 Nf6 6. Bg2 Be7
7. O-O O-O 8. Nc3 Nc6 9. Bg5 cxd4 10. Nxd4 h6 11. Be3 Re8
12. Qa4 Bd7 13. Nxd5 Nxd5 14. Bxd5 Nb4 15. Qb3 Nxd5 16. Qxd5
Bh3 17. Qxd8 Raxd8 18. Rfd1 Bf6 19. Rd2 Bg4 20. Rad1 Bxd4
21. Rxd4 Rxd4 22. Rxd4 Bxe2 23. Kg2 Bb5 24. g4 a6 25. h4 Bc6+
26. Kg3 Re4 27. Rxe4 Bxe4 28. a3 f6 29. h5 Kf7 30. f3 Bc6
1/2-1/2

[Event "Saint Louis Invitational"]
[Site "Saint Louis USA"]
[Date "2011.03.08"]
[EventDate "2011.03.04"]
[Round "8"]
[Result "1/2-1/2"]
[White "Ray Robson"]
[Black "Eugene Perelshteyn"]
[WhiteElo "2522"]
[BlackElo "2533"]
[PlyCount "65"]

1. e4 c5 2. Nf3 d6 3. d4 cxd4 4. Nxd4 Nf6 5. Nc3 Nc6 6. Bg5 g6
7. Bxf6 exf6 8. Bc4 Bg7 9. Ndb5 O-O 10. Qxd6 f5 11. O-O a6
12. Qxd8 Rxd8 13. Nc7 Ra7 14. Bd3 b5 15. N7d5 Nd4 16. exf5
Bxf5 17. Bxf5 gxf5 18. Rad1 Rad7 19. g3 Nxc2 20. Ne7+ Kf8
21. Nxf5 Bxc3 22. Rxd7 Rxd7 23. bxc3 Rd2 24. Rb1 Na3 25. Rb4
Rxa2 26. Rh4 Nb1 27. Rxh7 Kg8 28. Rg7+ Kf8 29. h4 Nxc3 30. Rh7
Kg8 31. Rg7+ Kf8 32. Rh7 Kg8 33. Rg7+ 1/2-1/2

[Event "Saint Louis Invitational"]
[Site "Saint Louis USA"]
[Date "2011.03.08"]
[EventDate "2011.03.04"]
[Round "9"]
[Result "0-1"]
[White "Joel Benjamin"]
[Black "Ray Robson"]
[WhiteElo "2564"]
[BlackElo "2522"]
[PlyCount "76"]

1. Nf3 Nf6 2. g3 d5 3. Bg2 c5 4. c4 e6 5. cxd5 exd5 6. d4 Be7
7. O-O O-O 8. dxc5 Nc6 9. Bg5 Bf5 10. Nbd2 h6 11. Bxf6 Bxf6
12. Qb3 b6 13. Rac1 Rb8 14. Qa4 Bd7 15. Nb3 Bxb2 16. Rb1 Bf6
17. Qf4 Qe7 18. cxb6 Rxb6 19. Nbd4 Nxd4 20. Nxd4 Ra6 21. Rb7
Qd8 22. e3 Rxa2 23. Rc1 Ra5 24. h4 Bxd4 25. exd4 Be6 26. Rcc7
Ra1+ 27. Kh2 Qf6 28. Qxf6 gxf6 29. Rxa7 Rd1 30. Bh3 f5 31. Ra4
Rd2 32. Rca7 Rxf2+ 33. Kg1 Rd2 34. Ra8 Rxa8 35. Rxa8+ Kg7
36. Ra4 Rd3 37. Kf2 f4 38. Bxe6 fxg3+ 0-1

[Event "US Championship"]
[Site "Saint Louis USA"]
[Date "2012.05.11"]
[EventDate "2012.05.08"]
[Round "4"]
[Result "1-0"]
[White "Ray Robson"]
[Black "Robert Lee Hess"]
[WhiteElo "2614"]
[BlackElo "2635"]
[PlyCount "67"]

1. e4 e5 2. Nf3 Nc6 3. Bc4 Bc5 4. c3 Nf6 5. d4 exd4 6. cxd4
Bb4+ 7. Nbd2 d5 8. exd5 Nxd5 9. O-O O-O 10. h3 Bf5 11. a3 Be7
12. Re1 Bg6 13. Ne4 Nf6 14. Nc3 Bh5 15. g4 Bg6 16. Bf4 a6
17. b4 a5 18. b5 Na7 19. Ne5 Ne8 20. Nd5 Bd6 21. h4 Bxe5
22. dxe5 Qxh4 23. Bg3 Qd8 24. Qf3 c6 25. bxc6 Nxc6 26. Rad1
Qg5 27. Bf4 Qh4 28. Bg3 Qg5 29. Bf4 Qh4 30. Kg2 h5 31. g5 Qg4+
32. Qxg4 hxg4 33. e6 fxe6 34. Rxe6 1-0

[Event "US Championship"]
[Site "Saint Louis USA"]
[Date "2012.05.12"]
[EventDate "2012.05.08"]
[Round "5"]
[Result "0-1"]
[White "Alejandro Ramirez-Alvarez"]
[Black "Ray Robson"]
[WhiteElo "2593"]
[BlackElo "2614"]
[PlyCount "126"]

1. d4 d5 2. c4 e6 3. Nc3 c5 4. cxd5 exd5 5. Nf3 Nc6 6. g3 Nf6
7. Bg2 Be7 8. O-O O-O 9. dxc5 Bxc5 10. Na4 Be7 11. Be3 Ne4
12. Rc1 Re8 13. Nd4 Bd7 14. Nb3 Bf5 15. Nac5 Bxc5 16. Bxc5 Qd7
17. Re1 Bh3 18. Bh1 h5 19. Be3 h4 20. Nc5 Nxc5 21. Bxc5 Rad8
22. Qd2 hxg3 23. hxg3 Re5 24. Qf4 Rde8 25. Bf3 g5 26. Qd2 Bg4
27. Bg2 f6 28. e3 Bh3 29. Bh1 Kg7 30. Bd4 Re4 31. Rc5 Nxd4
32. Bxe4 dxe4 33. exd4 Bg4 34. Qc3 Kg6 35. Rc7 Qd5 36. Qc5
Qxc5 37. dxc5 Bf3 38. Re3 g4 39. Rxb7 Rh8 40. Rxf3 gxf3
41. Rb4 Kf5 42. c6 Rc8 43. Rc4 Ke5 44. c7 f5 45. b3 a5 46. Kh2
Rh8+ 47. Kg1 Rc8 48. a3 Kd5 49. g4 fxg4 50. a4 Ke5 51. Kh2 Kf4
52. Rc5 Rh8+ 53. Kg1 Rc8 54. Kh2 g3+ 55. fxg3+ Ke3 56. Kg1 Ke2
57. Rc2+ Kd3 58. Rc4 e3 59. Kf1 f2 60. Kg2 Ke2 61. Rc2+ Ke1
62. Rc1+ Kd2 63. Rc4 e2 0-1

[Event "US Championship"]
[Site "Saint Louis USA"]
[Date "2012.05.16"]
[EventDate "2012.05.08"]
[Round "8"]
[Result "1/2-1/2"]
[White "Gregory Kaidanov"]
[Black "Ray Robson"]
[WhiteElo "2594"]
[BlackElo "2614"]
[PlyCount "55"]

1. d4 Nf6 2. c4 g6 3. Nc3 d5 4. Nf3 Bg7 5. Qa4+ Bd7 6. Qb3
dxc4 7. Qxc4 O-O 8. Bf4 Na6 9. e4 c5 10. e5 Be6 11. exf6 Bxc4
12. fxg7 Kxg7 13. Bxc4 cxd4 14. Be5+ f6 15. Bxd4 e5 16. Be3
Nb4 17. O-O Nc2 18. Rad1 Qc7 19. Bb3 Nxe3 20. fxe3 Rac8
21. Kh1 Rfd8 22. Nd5 Qc5 23. e4 a5 24. Rfe1 Qb5 25. Nc3 Qb4
26. Nd5 Qb5 27. Nc3 Qb4 28. Nd5 1/2-1/2

[Event "US Championship"]
[Site "Saint Louis USA"]
[Date "2012.05.19"]
[EventDate "2012.05.08"]
[Round "11"]
[Result "1/2-1/2"]
[White "Ray Robson"]
[Black "Alexander Stripunsky"]
[WhiteElo "2614"]
[BlackElo "2562"]
[PlyCount "75"]

1. e4 c5 2. Nf3 e6 3. d4 cxd4 4. Nxd4 a6 5. Bd3 Nf6 6. O-O Qc7
7. Qe2 d6 8. f4 g6 9. Nc3 Bg7 10. e5 dxe5 11. fxe5 Nd5
12. Nxd5 exd5 13. Bf4 O-O 14. Rae1 Nc6 15. c3 Nxd4 16. cxd4
Qb6 17. Qf2 Bd7 18. Bg5 Rae8 19. Re2 Re6 20. h4 Bb5 21. Bxb5
axb5 22. Kh1 b4 23. b3 Qb5 24. Re3 h6 25. Bf4 f5 26. Rf3 Rc8
27. h5 g5 28. Bd2 f4 29. g3 Rc2 30. Rc1 fxg3 31. Rxg3 Rxc1+
32. Bxc1 Rc6 33. Bd2 Rc8 34. Kg1 Rc2 35. Qf5 Rxd2 36. Qe6+ Kh7
37. Qf5+ Kg8 38. Qe6+ 1/2-1/2

[Event "Chess Olympiad"]
[Site "Istanbul TUR"]
[Date "2012.08.28"]
[EventDate "2012.08.28"]
[Round "1.4"]
[Result "1-0"]
[White "Ray Robson"]
[Black "Sameer Mansour"]
[WhiteElo "2598"]
[BlackElo "2244"]
[PlyCount "71"]

1. e4 c5 2. Nf3 Nc6 3. c3 d5 4. exd5 Qxd5 5. d4 e6 6. Be2 Nf6
7. O-O Be7 8. Na3 O-O 9. Nb5 Qd8 10. dxc5 Bxc5 11. Bf4 Nd5
12. Bg3 a6 13. Nbd4 Nxd4 14. Nxd4 b5 15. a4 Bd7 16. axb5 Bxd4
17. Qxd4 axb5 18. Rfd1 Bc6 19. b3 Qb6 20. Rxa8 Rxa8 21. Qxb6
Nxb6 22. Rd6 Rc8 23. Bxb5 Bxb5 24. Rxb6 Bd7 25. c4 f6 26. Bd6
e5 27. f3 Kf7 28. h4 Ra8 29. b4 Ra1+ 30. Kh2 Rc1 31. c5 Rc4
32. h5 Ke6 33. Bf8+ Kf7 34. Rb7 Kxf8 35. Rxd7 Rxb4 36. c6 1-0

[Event "Chess Olympiad"]
[Site "Istanbul TUR"]
[Date "2012.08.29"]
[EventDate "2012.08.28"]
[Round "2.2"]
[Result "0-1"]
[White "Kestutis Labeckas"]
[Black "Ray Robson"]
[WhiteElo "2378"]
[BlackElo "2598"]
[PlyCount "82"]

1. d4 d5 2. c4 e6 3. cxd5 exd5 4. Nc3 c6 5. Qc2 Bd6 6. Nf3 Ne7
7. Bg5 f6 8. Bh4 Bf5 9. Qd2 O-O 10. e3 Nd7 11. Bd3 Nb6 12. O-O
a5 13. Bg3 a4 14. Qc2 Bxd3 15. Qxd3 Ng6 16. Ne2 Nc8 17. h4 Qd7
18. h5 Nge7 19. Bxd6 Nxd6 20. Nf4 Rfe8 21. Qd1 Nef5 22. Nd2
Nh6 23. Qf3 Qf5 24. Rac1 g5 25. hxg6 hxg6 26. Qg3 g5 27. Rfe1
Kf7 28. Nh3 Rad8 29. f3 g4 30. e4 dxe4 31. fxe4 Nxe4 32. Nxe4
Rxe4 33. Rf1 Qd5 34. Qf2 Kg8 35. Nf4 Qxd4 36. Qxd4 Rdxd4
37. Nh5 Re5 38. Nxf6+ Kg7 39. Rc2 Nf5 40. Ne8+ Kg6 41. Nc7 Ng3
0-1

[Event "Chess Olympiad"]
[Site "Istanbul TUR"]
[Date "2012.08.30"]
[EventDate "2012.08.28"]
[Round "3.2"]
[Result "1-0"]
[White "Ray Robson"]
[Black "Julio Ostos"]
[WhiteElo "2598"]
[BlackElo "2345"]
[PlyCount "39"]

1. e4 e6 2. d4 d5 3. Nc3 dxe4 4. Nxe4 Nd7 5. Nf3 Ngf6 6. Bg5
h6 7. Nxf6+ Nxf6 8. Bh4 c5 9. Bc4 cxd4 10. O-O Qb6 11. Qe2 a6
12. Rad1 Bc5 13. Rfe1 Bd7 14. Ne5 Bb5 15. Qf3 Bxc4 16. Bxf6
Bd5 17. Qh5 Qc7 18. Nxf7 Kf8 19. Nxh8 gxf6 20. Rd3 1-0

[Event "Chess Olympiad"]
[Site "Istanbul TUR"]
[Date "2012.09.04"]
[EventDate "2012.08.28"]
[Round "7.7"]
[Result "1/2-1/2"]
[White "Mustafa Yilmaz"]
[Black "Ray Robson"]
[WhiteElo "2543"]
[BlackElo "2598"]
[PlyCount "60"]

1. c4 e6 2. Nf3 d5 3. e3 Nf6 4. Nc3 c5 5. d4 a6 6. a3 dxc4
7. Bxc4 b5 8. Ba2 Bb7 9. O-O Nbd7 10. Qe2 Bd6 11. e4 cxd4
12. Nxd4 O-O 13. Kh1 Rc8 14. f4 Rxc3 15. bxc3 Nxe4 16. Qe1
Ndf6 17. a4 b4 18. cxb4 Ng4 19. h3 Bc5 20. Bb2 Bxb4 21. Qxb4
Ng3+ 22. Kg1 Qxd4+ 23. Bxd4 Ne2+ 24. Kh1 Ng3+ 25. Kg1 Ne2+
26. Kh1 Ng3+ 27. Kg1 Ne2+ 28. Kh1 Ng3+ 29. Kg1 Ne2+ 30. Kh1
Ng3+ 1/2-1/2

[Event "Chess Olympiad"]
[Site "Istanbul TUR"]
[Date "2012.09.05"]
[EventDate "2012.08.28"]
[Round "8.4"]
[Result "1/2-1/2"]
[White "Ray Robson"]
[Black "Atanas Kizov"]
[WhiteElo "2598"]
[BlackElo "2418"]
[PlyCount "111"]

1. e4 e5 2. Nf3 Nc6 3. Bb5 Nf6 4. O-O Nxe4 5. Re1 Nd6 6. Nxe5
Be7 7. Bf1 Nxe5 8. Rxe5 O-O 9. d4 Bf6 10. Re1 Re8 11. Bf4 Rxe1
12. Qxe1 Ne8 13. Nc3 d6 14. Nd5 Bf5 15. Qd2 Qd7 16. Nxf6+ Nxf6
17. d5 Qa4 18. c4 Qc2 19. Qb4 b6 20. f3 a5 21. Qa3 Bd7 22. g4
Re8 23. Bg5 h6 24. Bd3 Qa4 25. Qxa4 Bxa4 26. Bxf6 gxf6 27. Kf2
Bd7 28. Kg3 Kg7 29. Kf4 Re5 30. h4 Re8 31. b3 Re5 32. Rd1 Re7
33. a3 Re8 34. Rc1 Kf8 35. Be4 Kg7 36. b4 axb4 37. axb4 Ra8
38. c5 bxc5 39. bxc5 dxc5 40. Rxc5 Ra7 41. Rc1 Bb5 42. Rb1 Ra5
43. Rc1 Ra7 44. Rc5 Bd7 45. Rc2 Bb5 46. Rb2 Ra5 47. Ke3 Kf8
48. Rc2 Ra7 49. Kd4 Ke7 50. Kc5 Bd7 51. Rb2 Ra5+ 52. Kc4 Ra4+
53. Kc5 Ra5+ 54. Kd4 Bb5 55. Kc5 Bd7+ 56. Kd4 1/2-1/2

[Event "Pan-Am Intercollegiate 2012"]
[Site "Princeton USA"]
[Date "2012.12.27"]
[EventDate "2012.12.27"]
[Round "1"]
[Result "0-1"]
[White "Sally Yu"]
[Black "Ray Robson"]
[WhiteElo "1996"]
[BlackElo "2615"]
[PlyCount "100"]

1. e4 c5 2. Nf3 d6 3. d4 cxd4 4. Nxd4 Nf6 5. Nc3 e6 6. Be2 Be7
7. O-O O-O 8. Be3 Nc6 9. f4 a6 10. Qe1 Nxd4 11. Bxd4 b5 12. a3
Bb7 13. Bd3 Qc7 14. Qg3 Bc6 15. Rae1 Qb7 16. Nd1 g6 17. Nf2 b4
18. axb4 Qxb4 19. Bc3 Qb6 20. Kh1 d5 21. Be5 dxe4 22. Nxe4
Bxe4 23. Bxe4 Rac8 24. Bd3 Nd7 25. f5 Nxe5 26. Qxe5 Bd6
27. Qf6 exf5 28. Ra1 Qc7 29. Bxf5 Be7 30. Qxa6 gxf5 31. c3 Qd6
32. Qxd6 Bxd6 33. Rxf5 Rfe8 34. Rf2 Bc5 35. Rc2 Re4 36. g3
Rce8 37. Rac1 Kg7 38. Kg2 h5 39. b4 Bf8 40. Rf2 Rc4 41. Rb2
Rec8 42. Rb3 Bxb4 43. Rf1 Bxc3 44. Rb5 R4c5 45. Rbb1 Be5
46. Rf5 Kg6 47. Rbf1 f6 48. R5f3 Rc2+ 49. Kh3 h4 50. Rg1 hxg3
0-1

[Event "Pan-Am Intercollegiate 2012"]
[Site "Princeton USA"]
[Date "2012.12.28"]
[EventDate "2012.12.27"]
[Round "3"]
[Result "1-0"]
[White "Axel Bachmann Schiavo"]
[Black "Ray Robson"]
[WhiteElo "2524"]
[BlackElo "2615"]
[PlyCount "105"]

1. d4 Nf6 2. c4 g6 3. Nf3 Bg7 4. Nc3 d5 5. e3 O-O 6. cxd5 Nxd5
7. Bc4 Nxc3 8. bxc3 c5 9. O-O Qc7 10. Qe2 Bg4 11. Ba3 Nd7
12. Bb5 a6 13. Bxd7 Bxd7 14. Rac1 b6 15. h3 Bc6 16. e4 e6
17. dxc5 bxc5 18. Bxc5 Rfc8 19. Bd4 e5 20. Be3 Bxe4 21. c4 Bc6
22. Rfd1 Ba4 23. Rd5 Bc6 24. Rdd1 Rd8 25. c5 Bb5 26. Qc2 Qc6
27. Qc3 Rxd1+ 28. Rxd1 Qe6 29. Qa5 h6 30. a4 Bc6 31. Rd8+ Rxd8
32. Qxd8+ Qe8 33. Qb6 Bxa4 34. Qxa6 Qc6 35. Qa7 Qd7 36. Qb8+
Qe8 37. Qb6 Bc6 38. Nd2 Qd7 39. f3 Qd5 40. Bf2 f5 41. Nc4 e4
42. f4 Qxc4 43. Qxc6 Qc1+ 44. Kh2 Qxf4+ 45. Bg3 Qc1 46. Qd6
Qe3 47. c6 Bd4 48. Qxg6+ Kh8 49. Qe8+ Kg7 50. Be5+ Bxe5+
51. Qxe5+ Kf7 52. Qxf5+ Ke7 53. c7 1-0

[Event "Pan-Am Intercollegiate 2012"]
[Site "Princeton USA"]
[Date "2012.12.29"]
[EventDate "2012.12.27"]
[Round "4"]
[Result "1-0"]
[White "Ray Robson"]
[Black "Elshan Moradiabadi"]
[WhiteElo "2615"]
[BlackElo "2575"]
[PlyCount "111"]

1. e4 e5 2. Nf3 Nc6 3. d4 exd4 4. Nxd4 Nf6 5. Nxc6 bxc6 6. e5
Qe7 7. Qe2 Nd5 8. c4 Nb6 9. b3 a5 10. Bb2 a4 11. Nd2 Bb7
12. f4 axb3 13. axb3 Rxa1+ 14. Bxa1 Qa3 15. Qd1 Bb4 16. Bd3
Qa5 17. Ke2 c5 18. Qc2 Bxg2 19. Rg1 Bxd2 20. Qxd2 Bf3+ 21. Ke3
Qxd2+ 22. Kxd2 g6 23. f5 O-O 24. Ke3 Bh5 25. Be4 Rb8 26. Kf4
Kf8 27. f6 h6 28. h4 Ke8 29. Bc3 Nc8 30. Ra1 Be2 31. Ra5 Kd8
32. Bc2 d6 33. Ra1 Kd7 34. Re1 Bh5 35. exd6 cxd6 36. Ba5 d5
37. b4 cxb4 38. Ba4+ Kd6 39. c5+ Kxc5 40. Bc7 Ra8 41. Rc1+ Kd4
42. Bb5 g5+ 43. hxg5 hxg5+ 44. Kxg5 Na7 45. Bf1 Rg8+ 46. Kxh5
Nc8 47. Rd1+ Ke4 48. Bd3+ Ke3 49. Bh7 Rg2 50. Bf5 d4 51. Rd3+
Ke2 52. Rxd4 Na7 53. Rxb4 Rg1 54. Rb2+ Kf3 55. Rb3+ Ke2
56. Bd3+ 1-0

[Event "Pan-Am Intercollegiate 2012"]
[Site "Princeton USA"]
[Date "2012.12.30"]
[EventDate "2012.12.27"]
[Round "6"]
[Result "1-0"]
[White "Ray Robson"]
[Black "Ioan-Cristian Chirila"]
[WhiteElo "2615"]
[BlackElo "2525"]
[PlyCount "141"]

1. e4 e5 2. Nf3 Nc6 3. Bb5 f5 4. d3 fxe4 5. dxe4 Nf6 6. O-O
Bc5 7. Bxc6 bxc6 8. Nxe5 O-O 9. Nc3 Ba6 10. Nd3 Bb6 11. Bg5
Qe8 12. Re1 Rb8 13. Na4 Bxd3 14. Nxb6 Rxb6 15. cxd3 Rxb2
16. Qc1 Rb5 17. a4 Rb3 18. Be3 Qe6 19. Bxa7 Rxd3 20. Qc2 Qb3
21. Qxb3+ Rxb3 22. a5 Ra8 23. Bd4 c5 24. Bxc5 Rb5 25. Rac1
Raxa5 26. Bd4 c6 27. f3 Ra2 28. Red1 Rg5 29. Bf2 Rb5 30. Bd4
Rg5 31. g3 Rh5 32. Bf2 Rb5 33. Bd4 Rb3 34. Rf1 Rd2 35. Bc3 Rd3
36. Bxf6 gxf6 37. Kg2 Rb2+ 38. Kh3 Rdd2 39. Rh1 Kf7 40. Rc5
Kg6 41. g4 d5 42. Rxc6 Rb3 43. Kh4 Rxf3 44. e5 d4 45. Rd6 Kf7
46. exf6 Rxf6 47. Rd7+ Kg6 48. h3 Rf7 49. Rd6+ Rf6 50. Rd7 Rf7
51. Rd5 Rd3 52. Ra1 h6 53. Ra6+ Rf6 54. Ra7 Rdf3 55. Rxd4 h5
56. Rdd7 hxg4 57. hxg4 Rf8 58. Rg7+ Kf6 59. g5+ Kf5 60. Raf7+
Ke6 61. Rxf3 Rxf3 62. Kh5 Rg3 63. Kg6 Ra3 64. Rf7 Ra5 65. Rf1
Ke7 66. Kh6 Ra2 67. g6 Rh2+ 68. Kg7 Re2 69. Kg8 Rg2 70. g7 Re2
71. Rh1 1-0

[Event "UTD GM 2012"]
[Site "?"]
[Date "2012.03.19"]
[EventDate "2012.??.??"]
[Round "6"]
[Result "1-0"]
[White "Ray Robson"]
[Black "Julio Catalino Sadorra"]
[WhiteElo "2606"]
[BlackElo "2509"]
[PlyCount "55"]

1. e4 e6 2. d4 d5 3. Nc3 Bb4 4. e5 Ne7 5. a3 Bxc3+ 6. bxc3 b6
7. Qg4 Ng6 8. Bg5 Qd7 9. h4 h5 10. Qf3 c5 11. Ne2 Qa4 12. Ng3
cxd4 13. Nxh5 O-O 14. Nf6+ gxf6 15. Bxf6 Qxc2 16. h5 Nd7
17. hxg6 Nxf6 18. exf6 fxg6 19. cxd4 Rxf6 20. Qxf6 Qc3+
21. Ke2 Ba6+ 22. Kd1 Qxa1+ 23. Kd2 Qb2+ 24. Ke3 Qxa3+ 25. Kf4
e5+ 26. dxe5 Qc1+ 27. Kg3 Qc3+ 28. Bd3 1-0

[Event "US Chess Championships"]
[Site "Saint Louis USA"]
[Date "2013.05.04"]
[EventDate "2013.05.03"]
[Round "2"]
[Result "0-1"]
[White "Ray Robson"]
[Black "John Daniel Bryant"]
[WhiteElo "2620"]
[BlackElo "2442"]
[PlyCount "102"]

1. e4 e5 2. Nf3 Nc6 3. d4 exd4 4. Nxd4 Nf6 5. Nxc6 bxc6 6. e5
Qe7 7. Qe2 Nd5 8. Nd2 Rb8 9. c4 Ba6 10. b3 Qb4 11. Bb2 Nc3
12. Qe3 Na4 13. a3 Qa5 14. b4 Qb6 15. Qxb6 axb6 16. Bc1 d6
17. f4 dxe5 18. fxe5 g6 19. Bd3 Bg7 20. Nf3 f5 21. Bc2 Nc3
22. Bb2 Ne4 23. Bb3 Rd8 24. Ke2 O-O 25. Rhd1 g5 26. a4 g4
27. Ne1 Rde8 28. Nd3 c5 29. a5 f4 30. axb6 f3+ 31. Kf1 Bb7
32. Ra7 g3 33. gxf3 Rxf3+ 34. Kg2 Ref8 35. Rxb7 h5 36. bxc7
Re3 37. Rb8 Re2+ 38. Kh1 Rxh2+ 39. Kg1 Ng5 40. Rxf8+ Bxf8
41. Kf1 Nf3 42. c8=Q g2+ 43. Ke2 g1=Q+ 44. Kxf3 Qg2+ 45. Ke3
Qg3+ 46. Ke4 Rh4+ 47. Kf5 Qf3+ 48. Kg6 Rg4+ 49. Qxg4 Qf7+
50. Kg5 Be7+ 51. Kh6+ hxg4 0-1

[Event "US Chess Championships"]
[Site "Saint Louis USA"]
[Date "2013.05.05"]
[EventDate "2013.05.03"]
[Round "3"]
[Result "1-0"]
[White "Alexander Stripunsky"]
[Black "Ray Robson"]
[WhiteElo "2570"]
[BlackElo "2620"]
[PlyCount "135"]

1. e4 c5 2. c3 Nf6 3. e5 Nd5 4. Nf3 Nc6 5. Bc4 Nb6 6. Bb3 d5
7. exd6 c4 8. Bc2 e5 9. d4 cxd3 10. Qxd3 Qxd6 11. O-O Bg4
12. Qe2 Be7 13. Nbd2 O-O 14. h3 Bh5 15. Ne4 Qc7 16. Ng3 Bg6
17. Bxg6 hxg6 18. Re1 Rad8 19. Bg5 Rfe8 20. Rad1 f5 21. Rxd8
Bxd8 22. h4 e4 23. h5 Be7 24. hxg6 Qd7 25. Nxe4 Bxg5 26. Nfxg5
fxe4 27. Qh5 Qd5 28. Qh7+ Kf8 29. Qh8+ Qg8 30. Qh4 Re7 31. Rd1
Ke8 32. Nxe4 Nc8 33. Qh3 Rc7 34. Qh7 N6e7 35. Ng5 Rc6 36. Nf7
Rxg6 37. Rd8+ Kxf7 38. Rxg8 Nxg8 39. Qh5 Nd6 40. c4 Nf6
41. Qc5 Nd7 42. Qxa7 Nxc4 43. Qxb7 Rd6 44. Qf3+ Nf6 45. a4 Re6
46. Qc3 Ne5 47. a5 Rc6 48. Qd2 Ke6 49. b4 Ne4 50. Qe3 Kd5
51. f3 Ng3 52. Qb3+ Kd4 53. Qb2+ Kd5 54. b5 Rc1+ 55. Kh2 Nf1+
56. Kh3 Rc4 57. b6 g5 58. Qb5+ Kd6 59. g3 Nxf3 60. Kg2 g4
61. Kxf1 Rc1+ 62. Kf2 Rc2+ 63. Ke3 Rc3+ 64. Kf4 Rc8 65. Qd3+
Ke7 66. Qe4+ Kd6 67. Qg6+ Ke7 68. Qg7+ 1-0